Gyandoh and Griffiths' sourcebook of the constitutional law of Ghana / (Record no. 1260)
[ view plain ]
| 000 -LEADER | |
|---|---|
| fixed length control field | 01158cam a2200313 a 4500 |
| 001 - CONTROL NUMBER | |
| control field | 16519785 |
| 005 - DATE AND TIME OF LATEST TRANSACTION | |
| control field | 20241115183428.0 |
| 008 - FIXED-LENGTH DATA ELEMENTS--GENERAL INFORMATION | |
| fixed length control field | 101027s20092010gh 000 0 eng |
| 020 ## - INTERNATIONAL STANDARD BOOK NUMBER | |
| International Standard Book Number | 9789964960438 (v. 1., pt. 1) |
| 020 ## - INTERNATIONAL STANDARD BOOK NUMBER | |
| International Standard Book Number | 9964960433 (v. 1., pt. 1) |
| 020 ## - INTERNATIONAL STANDARD BOOK NUMBER | |
| International Standard Book Number | 9789964960247 (v. 1., pt. 2) |
| 020 ## - INTERNATIONAL STANDARD BOOK NUMBER | |
| International Standard Book Number | 9964960247 (v. 1., pt. 2) |
| 020 ## - INTERNATIONAL STANDARD BOOK NUMBER | |
| International Standard Book Number | 9789964960476 (v. 2., pt. 1) |
| Qualifying information | For this volume |
| 020 ## - INTERNATIONAL STANDARD BOOK NUMBER | |
| International Standard Book Number | 9964960476 (v. 2., pt. 1) |
| 020 ## - INTERNATIONAL STANDARD BOOK NUMBER | |
| International Standard Book Number | 9789988848934 (v. 2., pt. 2) |
| 020 ## - INTERNATIONAL STANDARD BOOK NUMBER | |
| International Standard Book Number | 9988848935 (v. 2., pt. 2) |
| 020 ## - INTERNATIONAL STANDARD BOOK NUMBER | |
| International Standard Book Number | 9789988848941 (v. 2., pt. 3) |
| 020 ## - INTERNATIONAL STANDARD BOOK NUMBER | |
| International Standard Book Number | 9988848943 (v. 2., pt. 3) |
| 050 00 - LIBRARY OF CONGRESS CALL NUMBER | |
| Classification number | KRX1750 |
| Item number | .S63 2009 |
| 245 00 - TITLE STATEMENT | |
| Title | Gyandoh and Griffiths' sourcebook of the constitutional law of Ghana / |
| Statement of responsibility, etc. | edited by Kofi Kumado and S.O. Gyandoh Jr. |
| 250 ## - EDITION STATEMENT | |
| Edition statement | 2nd ed. |
| 260 ## - PUBLICATION, DISTRIBUTION, ETC. | |
| Place of publication, distribution, etc. | Accra : |
| Name of publisher, distributor, etc. | Black Mask, |
| Date of publication, distribution, etc. | 2009-2010. |
| 300 ## - PHYSICAL DESCRIPTION | |
| Extent | xii, 738 pages |
| Dimensions | 26 cm. |
| 500 ## - GENERAL NOTE | |
| General note | Rev. ed. of : A Sourcebook of the constitutional law of Ghana / compiled by S. O. Gyandoh, Jnr., and J. Griffiths. 1972- |
| 650 #0 - SUBJECT ADDED ENTRY--TOPICAL TERM | |
| Topical term or geographic name entry element | Constitutional law |
| Geographic subdivision | Ghana. |
| 700 1# - ADDED ENTRY--PERSONAL NAME | |
| Personal name | Kumado, Kofi. |
| 700 1# - ADDED ENTRY--PERSONAL NAME | |
| Personal name | Gyandoh, Samuel O. |
| 942 ## - ADDED ENTRY ELEMENTS (KOHA) | |
| Source of classification or shelving scheme | Library of Congress Classification |
| Koha item type | Books |
| Suppress in OPAC | No |
| 999 ## - | |
| -- | 1260 |
| -- | 1260 |
| Withdrawn status | Lost status | Source of classification or shelving scheme | Damaged status | Not for loan | Collection | Home library | Current library | Shelving location | Date acquired | Total checkouts | Full call number | Barcode | Date last seen | Copy number | Price effective from | Koha item type |
|---|---|---|---|---|---|---|---|---|---|---|---|---|---|---|---|---|
| Library of Congress Classification | Non-fiction | Law Library (Miotso) | Law Library (Miotso) | General stacks | 11/15/2024 | KRX1750.S63 GYA | LLM00001001 | 11/15/2024 | 1 | 11/15/2024 | Books | |||||
| Library of Congress Classification | Non-fiction | Law Library (Miotso) | Law Library (Miotso) | General stacks | 11/15/2024 | KRX1750.S63 GYA | LLM00001002 | 11/15/2024 | 2 | 11/15/2024 | Books | |||||
| Library of Congress Classification | Non-fiction | Law Library (Miotso) | Law Library (Miotso) | General stacks | 11/15/2024 | KRX1750.S63 GYA | LLM00001003 | 11/15/2024 | 3 | 11/15/2024 | Books |